000
00297nam a22001337a 4500
008
170803b xxu||||| |||| 00| 0 eng d
020
_a
007931029-X
041
_a
eng
080
_a
004
100
_a
32
101
_a
SHK
245
_a
THE 8086 BOOK INCLUDES THE 8088
_c
RECTOR,R
942
_2
udc
_c
BK
999
_c
22594
_d
22594